000 01075nam a22003137a 4500
003 CHAP
005 20220329140408.0
008 971013s1959 r 00010 d
010 _a51371
011 _a52343
035 _a56493
040 _cCHAP
082 _a338.10972
_bR65
100 0 0 _aRojas García, Antonio.
_999306
245 _aProblemas agroeconómicos de México y España
260 _aMéxico, D. F. :
_bBufete de Economía INdustrial,
_c(1959)
300 _a149 p.
590 _aBATCH-UPD
_b10
_c20130110
_lUCH01
_h0711
590 _aBATCH-UPD
_b10
_c20130410
_lUCH01
_h0357
590 _aBATCH-UPD
_b10
_c20130914
_lUCH01
_h2008
590 _aCONVERSION
_b10
_c20130109
_lUCH01
_h1328
650 1 4 _aAgricultura
_xAspectos economicos
_xEspana.
_91241
650 1 4 _aAgricultura
_xAspectos economicos
_zMexico.
_91312
901 _aBK
942 _cLIBRO
949 _a338.10972 R65
_bBC
_cBPA
_d-123382
_eBPA
_h209
_i56493
_si
949 _a338.10972 R65
_bBC
_cBPA
_d-123384
_eBPA
_fc.2
_h210
_i56493
_si
949 _a338.10972 R65
_bBC
_cBPA
_d-123385
_eBPA
_fc.3
_h211
_i56493
_si
999 _c51371
_d51371